[Event "Torneo Interdepartamental 2020"]
[Site "Punta del Este"]
[Date "2020.11.01"]
[Round "4.11"]
[White "Barla, Rafael"]
[Black "Agrasot, Antonio"]
[Result "1-0"]
[WhiteElo "1836"]
[BlackElo "1560"]
[Annotator "NA RC"]
[PlyCount "135"]
[EventDate "2020.10.31"]
[EventType "team-tourn"]
[EventCountry "URU"]
[TimeControl "3600+30"]

1. d4 {[%emt 0:00:22]} d5 2. Nf3 e6 {[%emt 0:00:42]} 3. Bf4 {[%emt 0:00:46]} Be7 {[%emt 0:01:19]} 4. e3 {[%emt 0:00:17]} Nf6 {[%emt 0:00:29]} 5. Bd3 {[%emt 0:00:38]} c5 {[%emt 0:01:34]} 6. c3 {[%emt 0:00:24]} Qb6 {[%emt 0:01:23]} 7. b3 {[%emt 0:05:22]} Nbd7 {[%emt 0:02:52]} 8. Nbd2 {[%emt 0:00:29]} h6 {[%emt 0:02:34]} 9. h3 {[%emt 0:01:00]} Bd6 {[%emt 0:00:31]} 10. Ne5 {[%emt 0:03:10]} Qc7 {[%emt 0:01:51]} 11. Ndf3 {[%emt 0:02:42]} Ne4 {[%emt 0:01:24]} 12. Rc1 {[%emt 0:02:24]} O-O {[%emt 0:03:18]} 13. Qc2 {[%emt 0:04:00]} Nxe5 14. dxe5 Be7 {[%emt 0:09:01]} 15. Bxe4 {[%emt 0:01:08]} dxe4 {[%emt 0:01:10]} 16. Qxe4 {[%emt 0:00:14]} Rb8 {[%emt 0:00:22]} 17. O-O {[%emt 0:02:21]} b6 {[%emt 0:00:07]} 18. Qc2 {[%emt 0:01:43]} Bb7 {[%emt 0:00:14]} 19. Nd2 {[%emt 0:05:37]} Qc6 {[%emt 0:01:34]} 20. f3 {[%emt 0:01:11]} b5 {[%emt 0:00:55]} 21. Rfd1 {[%emt 0:03:47]} Rbd8 {[%emt 0:00:13]} 22. Ne4 {[%emt 0:00:53]} f5 {[%emt 0:01:10]} 23. Nd6 {[%emt 0:08:48]} Bxd6 {[%emt 0:02:14]} 24. Rxd6 {[%emt 0:01:10]} Rxd6 {[%emt 0:00:10]} 25. exd6 {[%emt 0:00:10]} Qd7 {[%emt 0:02:33]} 26. Rd1 {[%emt 0:01:27]} Rf7 {[%emt 0:01:34]} 27. Be5 {[%emt 0:00:49]} Qe8 {[%emt 0:00:48]} 28. c4 {[%emt 0:01:48]} b4 {[%emt 0:00:30]} 29. Qf2 {[%emt 0:01:25]} Qc6 {[%emt 0:02:00]} 30. Qh4 {[%emt 0:01:11]} Qd7 {[%emt 0:00:55]} 31. Kf2 {[%emt 0:01:12]} Bc6 {[%emt 0:00:47]} 32. Qf4 {[%emt 0:02:43]} Qd8 {[%emt 0:03:41]} 33. Bb2 {[%emt 0:00:36]} Bd7 {[%emt 0:02:10]} 34. h4 {[%emt 0:00:20]} a5 {[%emt 0:03:17]} 35. h5 {[%emt 0:00:11]} Qg5 {[%emt 0:01:12]} 36. Qxg5 {[%emt 0:04:36]} hxg5 {[%emt 0:00:09]} 37. a3 {[%emt 0:00:07]} Bc6 {[%emt 0:02:48]} 38. axb4 {[%emt 0:00:17]} axb4 {[%emt 0:01:25]} 39. Ra1 {[%emt 0:00:11]} Rb7 {[%emt 0:02:23]} 40. Ra5 {[%emt 0:00:54]} Bd7 {[%emt 0:01:00]} 41. Rxc5 {[%emt 0:00:57]} Ra7 {[%emt 0:00:19]} 42. Be5 {[%emt 0:01:05]} Kh7 {[%emt 0:01:30]} 43. Rc7 {[%emt 0:00:18]} Rxc7 44. dxc7 {[%emt 0:00:06]} Bc8 {[%emt 0:00:31]} 45. Bd6 {[%emt 0:00:32]} Kh6 {[%emt 0:00:36]} 46. g4 {[%emt 0:00:17]} g6 {[%emt 0:00:38]} 47. hxg6 {[%emt 0:00:11]} Kxg6 {[%emt 0:00:06]} 48. Bxb4 {[%emt 0:00:14]} Kf7 {[%emt 0:00:05]} 49. c5 {[%emt 0:00:54]} fxg4 {[%emt 0:01:01]} 50. fxg4 {[%emt 0:00:05]} e5 {[%emt 0:00:23]} 51. Kg3 {[%emt 0:02:20]} e4 {[%emt 0:00:20]} 52. c6 {[%emt 0:00:36]} Ke6 {[%emt 0:00:52]} 53. Bc5 {[%emt 0:03:00]} Kd5 {[%emt 0:00:17]} 54. Be7 {[%emt 0:01:02]} Kxc6 {[%emt 0:00:30]} 55. Bxg5 {[%emt 0:01:07]} Kxc7 {[%emt 0:00:08]} 56. Bf4+ {[%emt 0:00:19]} Kd7 {[%emt 0:00:54]} 57. g5 {[%emt 0:00:48]} Ke6 {[%emt 0:00:35]} 58. Kh4 {[%emt 0:01:39]} Kf7 {[%emt 0:00:38]} 59. Kh5 {[%emt 0:00:12]} Kg8 {[%emt 0:02:08]} 60. Kg6 {[%emt 0:00:21]} Be6 {[%emt 0:00:44]} 61. b4 {[%emt 0:00:06]} Bc4 {[%emt 0:00:46]} 62. Be5 {[%emt 0:00:23]} Bb5 {[%emt 0:04:35]} 63. Kf6 {[%emt 0:00:13]} Bc4 {[%emt 0:00:54]} 64. g6 {[%emt 0:00:12]} Bd5 {[%emt 0:02:52]} 65. b5 {[%emt 0:00:32]} Bb7 {[%emt 0:01:53]} 66. g7 {[%emt 0:00:15]} Bd5 {[%emt 0:00:24]} 67. b6 {[%emt 0:00:07]} Bb7 {[%emt 0:00:34]} 68. Ke7 {[%emt 0:00:10]} 1-0

[Event "Torneo Interdepartamental 2020"]
[Site "Punta del Este"]
[Date "2020.11.01"]
[Round "4.12"]
[White "Garcia Meoni, Fernando"]
[Black "Ojeda, Cristhian"]
[Result "0-1"]
[WhiteElo "1395"]
[BlackElo "1602"]
[Annotator "NA RC"]
[PlyCount "43"]
[EventDate "2020.10.31"]
[EventType "team-tourn"]
[EventCountry "URU"]
[SourceTitle "playchess.com"]
[Source "ChessBase"]
[SourceQuality "1"]
[TimeControl "3600+30"]

1. e4 e5 2. Nf3 Nc6 3. Bc4 Be7 4. Ng5 Bxg5 5. Nc3 Nf6 6. Qf3 O-O 7. O-O d6 8. Qd1 Ne7 9. Re1 c6 10. b3 d5 11. exd5 Nfxd5 12. Bb2 Bg4 13. f3 Bh5 14. Rxe5 Bf4 15. Re1 Qb6+ 16. Kh1 Qf2 17. Re2 Qh4 18. Qg1 Nxc3 19. Bxc3 Rae8 20. Rae1 Bxh2 21. Qxh2 Qxe1+ 22. Rxe1 0-1

[Event "Torneo Interdepartamental 2020"]
[Site "Punta del Este"]
[Date "2020.11.02"]
[Round "5.1"]
[White "Dominguez, Facundo"]
[Black "Manteiga, Franco"]
[Result "1/2-1/2"]
[WhiteElo "2170"]
[BlackElo "1832"]
[Annotator "TA"]
[PlyCount "42"]
[EventDate "2020.10.31"]
[EventType "team-tourn"]
[EventCountry "URU"]
[SourceTitle "playchess.com"]
[Source "ChessBase"]
[SourceQuality "1"]

{[%evp 24,26,39,14,3]} 1. e4 c5 2. Nf3 Nc6 3. d4 cxd4 4. Nxd4 Nf6 5. Nc3 e5 6. Ndb5 d6 7. Bg5 a6 8. Na3 b5 9. Nd5 Be7 10. Bxf6 Bxf6 11. c3 Rb8 12. Nc2 Bg5 13. g3 O-O {[#] A rather calm draw. B33: Sicilian: Pelikan and Sveshnikov Variations.} {Predecessor:} 14. h4 $146 Bh6 15. Bh3 Be6 16. Qd3 Ne7 17. Nxe7+ Qxe7 18. Nb4 a5 19. Nc6 Qb7 20. Nxb8 Bc4 21. Qc2 Rxb8 {1-0 (52) Hovhannisyan,R (2642)-Melkumyan,H (2663) chess.com INT 2020} 1/2-1/2

[Event "Torneo Interdepartamental 2020"]
[Site "Punta del Este"]
[Date "2020.11.02"]
[Round "5.2"]
[White "Bustelo, Tabare"]
[Black "Froz, Daniel"]
[Result "1-0"]
[WhiteElo "2053"]
[BlackElo "1670"]
[Annotator "ChessBase"]
[PlyCount "59"]
[EventDate "2020.10.31"]
[EventType "team-tourn"]
[EventCountry "URU"]
[SourceTitle "playchess.com"]
[Source "ChessBase"]
[SourceQuality "1"]
[TimeControl "3600+30"]

1. d4 {[%emt 0:01:07]} d5 {[%emt 0:00:08]} 2. Nc3 {[%emt 0:00:12]} c6 {[%emt 0:00:25]} 3. Nf3 {[%emt 0:01:10]} Bf5 {[%emt 0:00:00]} 4. Nh4 {[%emt 0:00:28]} Bg6 {[%emt 0:01:15]} 5. Nxg6 {[%emt 0:00:17]} hxg6 {[%emt 0:00:15]} 6. e4 {[%emt 0:03:01]} e6 {[%emt 0:07:30]} 7. exd5 {[%emt 0:02:28]} exd5 {[%emt 0:00:35]} 8. Bf4 {[%emt 0:02:01]} Nf6 {[%emt 0:07:42]} 9. Qf3 {[%emt 0:05:02]} Bb4 {[%emt 0:05:37]} 10. O-O-O {[%emt 0:01:58]} O-O {[%emt 0:13:54]} 11. Ne2 {[%emt 0:02:56]} Nbd7 {[%emt 0:01:25]} 12. Ng3 {[%emt 0:05:51]} Re8 {[%emt 0:01:29]} 13. Bd3 {[%emt 0:01:01]} Nf8 {[%emt 0:04:27]} 14. h4 {[%emt 0:00:55]} Ne6 {[%emt 0:05:04]} 15. Be3 {[%emt 0:02:06]} c5 {[%emt 0:08:08]} 16. dxc5 {[%emt 0:01:08]} Bxc5 {[%emt 0:02:10]} 17. Bxc5 {[%emt 0:02:29]} Nxc5 {[%emt 0:00:04]} 18. h5 {[%emt 0:00:26]} Nxd3+ {[%emt 0:02:05]} 19. Rxd3 {[%emt 0:00:14]} Qa5 {[%emt 0:00:56]} 20. Kb1 {[%emt 0:02:54]} Ne4 {[%emt 0:03:36]} 21. Rhd1 {[%emt 0:02:20]} Rad8 {[%emt 0:01:33]} 22. a3 {[%emt 0:02:24]} Nxg3 {[%emt 0:00:58]} 23. hxg6 {[%emt 0:00:51]} fxg6 {[%emt 0:01:08]} 24. Qxg3 {[%emt 0:00:05]} Re1 {[%emt 0:00:59]} 25. Qxg6 {[%emt 0:04:35]} Rxd1+ {[%emt 0:00:32]} 26. Rxd1 {[%emt 0:00:08]} Qc5 {[%emt 0:00:26]} 27. Qe6+ {[%emt 0:00:33]} Kf8 {[%emt 0:00:24]} 28. Rd3 {[%emt 0:00:10]} Qe7 {[%emt 0:00:44]} 29. Rf3+ {[%emt 0:00:44]} Ke8 {[%emt 0:00:11]} 30. Qg6+ {[%emt 0:00:36]} 1-0

[Event "Torneo Interdepartamental 2020"]
[Site "Punta del Este"]
[Date "2020.11.02"]
[Round "5.3"]
[White "Chinelli, Gabriel"]
[Black "Carbone, Diego"]
[Result "0-1"]
[WhiteElo "1697"]
[BlackElo "2219"]
[Annotator "ChessBase"]
[PlyCount "108"]
[EventDate "2020.10.31"]
[EventType "team-tourn"]
[EventCountry "URU"]
[SourceTitle "playchess.com"]
[Source "ChessBase"]
[SourceQuality "1"]
[TimeControl "3600+30"]

1. d4 {[%emt 0:01:18]} Nf6 {[%emt 0:00:00]} 2. Bg5 {[%emt 0:00:35]} Ne4 {[%emt 0:00:47]} 3. Bh4 {[%emt 0:00:02]} d5 {[%emt 0:02:29]} 4. Nd2 {[%emt 0:05:11]} g5 {[%emt 0:03:52]} 5. Nxe4 {[%emt 0:04:01]} gxh4 {[%emt 0:00:07]} 6. Nc5 {[%emt 0:01:37]} e5 {[%emt 0:01:14]} 7. e3 {[%emt 0:02:49]} Bd6 {[%emt 0:11:59]} 8. Qh5 {[%emt 0:03:07]} Qe7 {[%emt 0:01:02]} 9. O-O-O {[%emt 0:02:20]} Bxc5 {[%emt 0:04:15]} 10. dxc5 {[%emt 0:00:51]} c6 {[%emt 0:00:19]} 11. Nf3 {[%emt 0:02:08]} Nd7 {[%emt 0:00:26]} 12. e4 {[%emt 0:10:36]} Nf6 {[%emt 0:08:37]} 13. Qxe5 {[%emt 0:02:28]} Qxe5 {[%emt 0:00:41]} 14. Nxe5 {[%emt 0:00:03]} Nxe4 {[%emt 0:00:12]} 15. Nd3 {[%emt 0:00:17]} b6 {[%emt 0:04:38]} 16. cxb6 {[%emt 0:02:47]} axb6 {[%emt 0:00:02]} 17. Re1 {[%emt 0:02:31]} O-O {[%emt 0:05:13]} 18. f3 {[%emt 0:02:15]} Nd6 {[%emt 0:00:27]} 19. a3 {[%emt 0:05:12]} c5 {[%emt 0:09:43]} 20. Nf4 {[%emt 0:01:30]} Bb7 {[%emt 0:03:51]} 21. Re7 {[%emt 0:01:27]} Rfe8 {[%emt 0:00:28]} 22. Rd7 {[%emt 0:01:16]} Rad8 {[%emt 0:01:37]} 23. Rxd8 {[%emt 0:01:29]} Rxd8 {[%emt 0:00:02]} 24. c3 {[%emt 0:04:10]} Nf5 {[%emt 0:02:40]} 25. Bd3 {[%emt 0:02:25]} Ne3 {[%emt 0:00:02]} 26. Kd2 {[%emt 0:00:49]} d4 {[%emt 0:01:27]} 27. Re1 {[%emt 0:02:58]} h6 {[%emt 0:03:49]} 28. cxd4 {[%emt 0:00:17]} cxd4 {[%emt 0:00:01]} 29. Re2 {[%emt 0:02:26]} Kf8 {[%emt 0:00:36]} 30. Be4 {[%emt 0:00:31]} Bxe4 {[%emt 0:02:12]} 31. fxe4 {[%emt 0:00:11]} Nf1+ {[%emt 0:00:23]} 32. Kd3 {[%emt 0:00:25]} Nxh2 {[%emt 0:00:01]} 33. Nd5 {[%emt 0:00:11]} Ng4 {[%emt 0:02:28]} 34. Nxb6 {[%emt 0:00:54]} Ne5+ {[%emt 0:00:17]} 35. Kd2 {[%emt 0:01:19]} d3 {[%emt 0:00:49]} 36. Rf2 {[%emt 0:00:47]} Rb8 {[%emt 0:00:30]} 37. Na4 {[%emt 0:00:06]} Rb3 {[%emt 0:00:34]} 38. Kc1 {[%emt 0:00:57]} Nc4 {[%emt 0:00:30]} 39. Nc5 {[%emt 0:01:15]} d2+ {[%emt 0:00:22]} 40. Rxd2 {[%emt 0:03:10]} Nxd2 {[%emt 0:00:06]} 41. Nxb3 {[%emt 0:00:44]} Nxb3+ {[%emt 0:00:01]} 42. Kc2 {[%emt 0:00:42]} Nc5 {[%emt 0:00:51]} 43. b4 {[%emt 0:00:22]} Nxe4 {[%emt 0:00:06]} 44. Kd3 {[%emt 0:00:24]} Nf6 {[%emt 0:01:29]} 45. Kd4 {[%emt 0:00:32]} Ke7 {[%emt 0:00:02]} 46. Ke5 {[%emt 0:00:36]} Ng4+ {[%emt 0:00:31]} 47. Kf4 {[%emt 0:00:28]} Nf2 {[%emt 0:01:01]} 48. Kf3 {[%emt 0:00:57]} h3 {[%emt 0:00:37]} 49. gxh3 {[%emt 0:00:03]} Nxh3 {[%emt 0:00:06]} 50. Kg4 {[%emt 0:00:08]} Nf2+ {[%emt 0:00:17]} 51. Kf5 {[%emt 0:00:22]} Kd7 {[%emt 0:00:44]} 52. a4 {[%emt 0:00:12]} Nd3 {[%emt 0:00:44]} 53. b5 {[%emt 0:00:08]} Nb2 {[%emt 0:00:01]} 54. a5 {[%emt 0:00:32]} Nc4 {[%emt 0:00:04]} 0-1

[Event "Torneo Interdepartamental 2020"]
[Site "Punta del Este"]
[Date "2020.11.02"]
[Round "5.5"]
[White "Ibanez, Juan Rodrigo"]
[Black "Dominguez Orono, Walter"]
[Result "1/2-1/2"]
[WhiteElo "2107"]
[BlackElo "1668"]
[Annotator "TA"]
[PlyCount "27"]
[EventDate "2020.10.31"]
[EventType "team-tourn"]
[EventCountry "URU"]
[SourceTitle "playchess.com"]
[Source "ChessBase"]
[SourceQuality "1"]

{[%evp 19,27,0,37,24,20,-7,0,0,0,0]} 1. e4 c5 2. Nc3 g6 3. g3 Bg7 4. Bg2 d6 5. Nge2 Nf6 6. O-O O-O 7. d4 cxd4 8. Nxd4 Nc6 9. h3 Bd7 10. Be3 a6 11. a4 {B91: Sicilian Najdorf: 6 g3.} Rc8 12. Nb3 {[#] The position is equal.} Ne5 $146 ({Predecessor:} 12... Na5 13. Nxa5 Qxa5 14. Bd4 Bc6 15. Re1 Rfd8 16. Nd5 Bxd5 17. exd5 Re8 18. c3 Nd7 19. Bxg7 Kxg7 {1-0 (71) Brcar,A (1922)-Ravnik,F (1921) Ljubljana 2010}) 13. Nd2 Nc4 14. Nxc4 {A rather calm draw.} 1/2-1/2

[Event "Torneo Interdepartamental 2020"]
[Site "Punta del Este"]
[Date "2020.11.02"]
[Round "5.7"]
[White "Bentancurt, Juan"]
[Black "Genta, Alejandro"]
[Result "0-1"]
[WhiteElo "1720"]
[BlackElo "2003"]
[Annotator "ChessBase"]
[PlyCount "76"]
[EventDate "2020.10.31"]
[EventType "team-tourn"]
[EventCountry "URU"]
[SourceTitle "playchess.com"]
[Source "ChessBase"]
[SourceQuality "1"]
[TimeControl "3600+30"]

1. e4 {[%emt 0:00:00]} c5 {[%emt 0:00:00]} 2. b4 {[%emt 0:00:00]} cxb4 {[%emt 0:00:38]} 3. Bb2 {[%emt 0:00:02]} e6 {[%emt 0:00:32]} 4. Nf3 {[%emt 0:01:33]} Nf6 {[%emt 0:01:24]} 5. d3 {[%emt 0:02:13]} Nc6 {[%emt 0:01:26]} 6. Nbd2 {[%emt 0:01:11]} d5 {[%emt 0:06:48]} 7. e5 {[%emt 0:04:03]} Nd7 {[%emt 0:00:08]} 8. d4 {[%emt 0:00:18]} Be7 {[%emt 0:00:46]} 9. Bd3 {[%emt 0:01:29]} Nb6 {[%emt 0:00:31]} 10. O-O {[%emt 0:04:18]} O-O {[%emt 0:06:05]} 11. Rc1 {[%emt 0:06:23]} Bd7 {[%emt 0:09:10]} 12. c4 {[%emt 0:03:38]} bxc3 {[%emt 0:02:56]} 13. Bxc3 {[%emt 0:00:54]} Rc8 {[%emt 0:07:28]} 14. Nb3 {[%emt 0:02:50]} Na4 {[%emt 0:05:45]} 15. Bd2 {[%emt 0:00:42]} g6 {[%emt 0:08:35]} 16. Bb1 {[%emt 0:01:59]} Nb2 {[%emt 0:05:13]} 17. Qe2 {[%emt 0:00:49]} Nc4 {[%emt 0:00:14]} 18. Bh6 {[%emt 0:01:01]} Re8 {[%emt 0:00:03]} 19. g3 {[%emt 0:02:07]} Nb4 {[%emt 0:03:21]} 20. h4 {[%emt 0:02:52]} Bb5 {[%emt 0:01:06]} 21. Ng5 {[%emt 0:05:04]} Bf8 {[%emt 0:02:02]} 22. Qf3 {[%emt 0:01:17]} Qe7 {[%emt 0:00:50]} 23. Bxf8 {[%emt 0:03:17]} Rxf8 {[%emt 0:00:01]} 24. Kg2 {[%emt 0:06:24]} Na3 {[%emt 0:01:27]} 25. Rh1 {[%emt 0:03:59]} Rxc1 {[%emt 0:00:44]} 26. Rxc1 {[%emt 0:00:52]} h6 {[%emt 0:00:18]} 27. Nh3 {[%emt 0:03:31]} Nxb1 {[%emt 0:00:06]} 28. Rxb1 {[%emt 0:00:22]} Bd3 {[%emt 0:00:00]} 29. Re1 {[%emt 0:00:27]} Nc2 {[%emt 0:01:02]} 30. Kh2 {[%emt 0:03:15]} Nxe1 {[%emt 0:00:24]} 31. Qe3 {[%emt 0:00:03]} Bf5 {[%emt 0:04:04]} 32. Qxe1 {[%emt 0:00:09]} Bxh3 {[%emt 0:00:04]} 33. Kxh3 {[%emt 0:00:11]} Rc8 {[%emt 0:00:12]} 34. Qe3 {[%emt 0:00:26]} Kg7 {[%emt 0:00:11]} 35. Nc5 {[%emt 0:00:37]} b6 {[%emt 0:00:16]} 36. Nd3 {[%emt 0:00:45]} Qa3 {[%emt 0:00:59]} 37. Qd2 {[%emt 0:00:19]} Qc3 {[%emt 0:00:03]} 38. Qe3 {[%emt 0:01:23]} Rc4 {[%emt 0:01:00]} 0-1

[Event "Torneo Interdepartamental 2020"]
[Site "Punta del Este"]
[Date "2020.11.02"]
[Round "5.8"]
[White "Pinero, Ismael"]
[Black "Aramburu, Gabriel"]
[Result "1/2-1/2"]
[WhiteElo "1882"]
[BlackElo "1813"]
[Annotator "NA"]
[PlyCount "80"]
[EventDate "2020.10.31"]
[EventType "team-tourn"]
[EventCountry "URU"]
[SourceTitle "playchess.com"]
[Source "ChessBase"]
[SourceQuality "1"]
[TimeControl "3600+30"]

1. e4 {[%emt 0:00:00]} e5 {[%emt 0:00:37]} 2. Nf3 {[%emt 0:00:00]} Nc6 {[%emt 0:00:07]} 3. Bb5 {[%emt 0:00:00]} a6 {[%emt 0:00:14]} 4. Ba4 {[%emt 0:00:00]} b5 {[%emt 0:00:13]} 5. Bb3 {[%emt 0:00:00]} Bc5 {[%emt 0:00:17]} 6. c3 {[%emt 0:00:11]} d6 {[%emt 0:01:18]} 7. a4 {[%emt 0:04:35]} Rb8 {[%emt 0:06:15]} 8. Bd5 {[%emt 0:09:55]} Nce7 {[%emt 0:02:30]} 9. d4 {[%emt 0:02:28]} exd4 {[%emt 0:02:46]} 10. Nxd4 {[%emt 0:00:06]} Nf6 {[%emt 0:02:24]} 11. b4 {[%emt 0:04:08]} Bxd4 {[%emt 0:05:21]} 12. Qxd4 {[%emt 0:00:15]} Nexd5 {[%emt 0:01:16]} 13. exd5 {[%emt 0:00:04]} O-O {[%emt 0:02:17]} 14. O-O {[%emt 0:00:31]} h6 {[%emt 0:01:20]} 15. Rd1 {[%emt 0:03:29]} Re8 {[%emt 0:02:50]} 16. axb5 {[%emt 0:07:30]} axb5 {[%emt 0:00:38]} 17. Ra5 {[%emt 0:00:23]} Re5 {[%emt 0:02:41]} 18. Qh4 {[%emt 0:02:58]} Qe8 {[%emt 0:01:52]} 19. f3 {[%emt 0:01:31]} Nxd5 {[%emt 0:03:04]} 20. f4 {[%emt 0:05:02]} Re2 {[%emt 0:10:30]} 21. Kf1 {[%emt 0:10:21]} Qe4 {[%emt 0:08:23]} 22. Qg3 {[%emt 0:01:02]} Ne3+ {[%emt 0:03:29]} 23. Bxe3 {[%emt 0:00:24]} Rxe3 {[%emt 0:00:10]} 24. Qf2 {[%emt 0:02:47]} Bb7 {[%emt 0:01:02]} 25. Ra2 {[%emt 0:05:25]} Re8 {[%emt 0:02:27]} 26. Rad2 {[%emt 0:02:42]} Re6 {[%emt 0:03:27]} 27. Rd4 {[%emt 0:01:20]} Qf5 {[%emt 0:01:02]} 28. R4d2 {[%emt 0:01:34]} R3e4 {[%emt 0:00:25]} 29. g3 {[%emt 0:00:44]} h5 {[%emt 0:01:30]} 30. Na3 {[%emt 0:00:27]} h4 {[%emt 0:00:26]} 31. Nc2 {[%emt 0:00:46]} hxg3 {[%emt 0:00:27]} 32. hxg3 {[%emt 0:02:02]} Rh6 {[%emt 0:01:03]} 33. Ne3 {[%emt 0:01:26]} Rxe3 {[%emt 0:01:45]} 34. Qxe3 {[%emt 0:00:10]} Rh1+ {[%emt 0:00:15]} 35. Kf2 {[%emt 0:00:46]} Qh3 {[%emt 0:01:35]} 36. Rxh1 {[%emt 0:00:30]} Qxh1 {[%emt 0:00:06]} 37. Re2 {[%emt 0:01:23]} Qg2+ {[%emt 0:00:30]} 38. Ke1 {[%emt 0:00:04]} Qh1+ {[%emt 0:00:19]} 39. Kd2 {[%emt 0:00:07]} Qd5+ {[%emt 0:00:12]} 40. Qd3 Qh1 1/2-1/2

[Event "Torneo Interdepartamental 2020"]
[Site "Punta del Este"]
[Date "2020.11.02"]
[Round "5.9"]
[White "Barla, Rafael"]
[Black "Barboza, Mauro"]
[Result "1-0"]
[WhiteElo "1836"]
[BlackElo "1874"]
[Annotator "NA"]
[PlyCount "75"]
[EventDate "2020.10.31"]
[EventType "team-tourn"]
[EventCountry "URU"]
[SourceTitle "playchess.com"]
[Source "ChessBase"]
[SourceQuality "1"]
[TimeControl "3600+30"]

1. d4 {[%emt 0:00:00]} Nf6 {[%emt 0:02:22]} 2. Nf3 {[%emt 0:00:00]} d5 {[%emt 0:00:26]} 3. Bf4 {[%emt 0:00:45]} c6 {[%emt 0:01:37]} 4. e3 {[%emt 0:00:40]} e6 {[%emt 0:01:55]} 5. Bd3 {[%emt 0:01:17]} Nbd7 6. Nbd2 a6 {[%emt 0:01:24]} 7. h3 {[%emt 0:01:12]} b5 {[%emt 0:01:21]} 8. O-O {[%emt 0:00:10]} Be7 {[%emt 0:00:12]} 9. c3 {[%emt 0:00:18]} Bb7 {[%emt 0:00:35]} 10. b4 {[%emt 0:04:52]} O-O {[%emt 0:01:10]} 11. a3 {[%emt 0:04:02]} Re8 {[%emt 0:03:52]} 12. Qc2 {[%emt 0:01:30]} Nf8 {[%emt 0:03:41]} 13. Ne5 {[%emt 0:01:29]} Ng6 {[%emt 0:05:49]} 14. Bh2 {[%emt 0:00:27]} Nd7 {[%emt 0:01:44]} 15. f4 {[%emt 0:01:17]} f5 {[%emt 0:00:46]} 16. g4 {[%emt 0:11:31]} Ngxe5 {[%emt 0:03:25]} 17. fxe5 {[%emt 0:00:29]} g6 {[%emt 0:00:07]} 18. gxf5 {[%emt 0:00:50]} exf5 {[%emt 0:00:39]} 19. Nf3 {[%emt 0:02:10]} Nf8 {[%emt 0:00:59]} 20. Qg2 {[%emt 0:00:32]} Bc8 {[%emt 0:00:55]} 21. Bf4 {[%emt 0:00:24]} Ne6 {[%emt 0:00:42]} 22. Bh6 {[%emt 0:01:37]} Ng7 {[%emt 0:00:59]} 23. Bxg7 {[%emt 0:06:45]} Kxg7 24. Kf2 Bd7 {[%emt 0:09:43]} 25. Rg1 {[%emt 0:01:09]} a5 {[%emt 0:00:30]} 26. Qg3 {[%emt 0:07:22]} Be6 {[%emt 0:08:28]} 27. Qf4 {[%emt 0:02:54]} axb4 {[%emt 0:00:40]} 28. cxb4 {[%emt 0:00:59]} Bf7 {[%emt 0:01:17]} 29. h4 {[%emt 0:00:55]} Kh8 {[%emt 0:00:30]} 30. h5 {[%emt 0:02:57]} Rg8 {[%emt 0:00:56]} 31. hxg6 {[%emt 0:01:02]} Bxg6 {[%emt 0:05:57]} 32. Bxf5 {[%emt 0:04:46]} Bxf5 {[%emt 0:05:07]} 33. Qxf5 {[%emt 0:02:33]} Rxg1 {[%emt 0:00:25]} 34. Rxg1 {[%emt 0:03:25]} Rxa3 {[%emt 0:00:24]} 35. Ng5 {[%emt 0:02:15]} Bxg5 {[%emt 0:01:24]} 36. Rxg5 {[%emt 0:00:12]} Ra7 {[%emt 0:03:43]} 37. e6 {[%emt 0:00:27]} Qe7 {[%emt 0:00:58]} 38. Qe5+ {[%emt 0:00:20]} 1-0

[Event "Torneo Interdepartamental 2020"]
[Site "Punta del Este"]
[Date "2020.11.02"]
[Round "5.10"]
[White "Coppola, Claudio"]
[Black "De los Reyes, Mauro"]
[Result "1-0"]
[WhiteElo "2278"]
[BlackElo "1763"]
[Annotator "ChessBase"]
[PlyCount "62"]
[EventDate "2020.10.31"]
[EventType "team-tourn"]
[EventCountry "URU"]
[SourceTitle "playchess.com"]
[Source "ChessBase"]
[SourceQuality "1"]
[TimeControl "3600+30"]

1. d4 {[%emt 0:05:12]} d5 {[%emt 0:00:00]} 2. c4 {[%emt 0:00:06]} c6 {[%emt 0:00:00]} 3. cxd5 {[%emt 0:00:04]} cxd5 {[%emt 0:00:00]} 4. Nc3 {[%emt 0:00:04]} Nf6 {[%emt 0:00:29]} 5. f3 {[%emt 0:00:27]} Nc6 {[%emt 0:00:23]} 6. e4 {[%emt 0:00:24]} dxe4 {[%emt 0:00:28]} 7. d5 {[%emt 0:00:07]} Ne5 {[%emt 0:01:09]} 8. fxe4 {[%emt 0:01:05]} a6 {[%emt 0:00:37]} 9. Bf4 {[%emt 0:01:14]} Ng6 {[%emt 0:00:18]} 10. Bg3 {[%emt 0:00:02]} e5 {[%emt 0:02:26]} 11. dxe6 {[%emt 0:08:18]} Qxd1+ {[%emt 0:01:06]} 12. Rxd1 {[%emt 0:00:02]} Bxe6 {[%emt 0:00:07]} 13. Nf3 {[%emt 0:03:18]} Bb4 {[%emt 0:00:52]} 14. Bd3 {[%emt 0:03:31]} Bxc3+ {[%emt 0:00:38]} 15. bxc3 {[%emt 0:00:02]} Rc8 {[%emt 0:01:23]} 16. Bd6 {[%emt 0:11:00]} Bxa2 {[%emt 0:04:13]} 17. Kd2 {[%emt 0:05:18]} Rd8 {[%emt 0:04:15]} 18. e5 {[%emt 0:00:51]} Ng4 {[%emt 0:00:20]} 19. Rhf1 {[%emt 0:08:40]} Bd5 {[%emt 0:02:51]} 20. Rde1 {[%emt 0:04:59]} Kd7 {[%emt 0:02:23]} 21. c4 {[%emt 0:01:48]} Be6 {[%emt 0:01:02]} 22. Rb1 {[%emt 0:02:21]} Kc8 {[%emt 0:00:24]} 23. c5 {[%emt 0:01:37]} Bd5 {[%emt 0:00:52]} 24. Bf5+ {[%emt 0:01:03]} Be6 {[%emt 0:00:22]} 25. Be4 {[%emt 0:00:24]} b5 {[%emt 0:01:51]} 26. cxb6 {[%emt 0:01:41]} Rxd6+ {[%emt 0:00:29]} 27. exd6 {[%emt 0:00:09]} Rd8 {[%emt 0:00:30]} 28. b7+ {[%emt 0:01:56]} Kb8 {[%emt 0:00:09]} 29. Rb6 {[%emt 0:00:05]} Bc4 {[%emt 0:01:28]} 30. Rc1 {[%emt 0:00:23]} Bb5 {[%emt 0:02:25]} 31. Bf5 {[%emt 0:00:11]} Ka7 {[%emt 0:00:47]} 1-0